|
|
|
|
| LEADER |
00000cas a2200000 4500 |
| 001 |
vtls012024733 |
| 003 |
SK-MaSNL |
| 005 |
20260228161343.0 |
| 008 |
210423d20212024xo mr p 0 b0slo |
| 022 |
|
|
|a 2729-8256
|
| 040 |
|
|
|a SNK
|b slo
|c SNK
|e rda
|
| 041 |
0 |
|
|a slo
|
| 044 |
|
|
|a xo
|c SK
|
| 072 |
|
7 |
|a 72
|x Architektúra
|2 konspekt
|
| 072 |
|
7 |
|a 64
|x Domáce hospodárstvo
|2 konspekt
|
| 080 |
|
|
|a 728.61
|2 2011
|
| 080 |
|
|
|a 640.7
|2 2001
|
| 080 |
|
|
|a 69.059.3
|2 2011
|
| 080 |
|
|
|a 634/635
|2 2011
|
| 080 |
|
|
|a (083.12)
|2 2011
|
| 080 |
|
|
|a 379.82(051)
|2 2011
|
| 210 |
0 |
|
|a Chalupa
|b (Bratisl.)
|
| 222 |
|
0 |
|a Chalupa
|b (Bratislava)
|
| 245 |
0 |
0 |
|a Moja chalupa
|
| 264 |
|
1 |
|a Bratislava
|b Mafra Slovakia, a.s.
|c 2021-2024
|
| 300 |
|
|
|c 28 cm
|
| 310 |
|
|
|a 1x mesačne
|
| 336 |
|
|
|a text
|b txt
|2 rdacontent
|
| 337 |
|
|
|a bez média
|b n
|2 rdamedia
|
| 338 |
|
|
|a zväzok
|b nc
|2 rdacarrier
|
| 362 |
0 |
|
|a Ročník I, číslo 1 (marec 2021)-ročník IV, č. 12 (december 2024)
|
| 500 |
|
|
|a Šéfredaktorka: 2021- , Katarína Jesenská
|
| 500 |
|
|
|a Evidenčné číslo: EV 5965/21
|
| 500 |
|
|
|a Ukončenie vydávania titulu oznámené písomne distribútorom tlače
|
| 650 |
0 |
7 |
|a chalupárstvo
|2 SNKPH
|9 246213
|
| 650 |
0 |
7 |
|a chalupy
|2 SNKPH
|9 81349
|
| 650 |
0 |
7 |
|a rekonštrukcie stavieb
|2 SNKPH
|9 74886
|
| 650 |
0 |
7 |
|a záhradkárstvo
|2 SNKPH
|9 2728
|
| 655 |
|
7 |
|a kuchárske recepty
|2 SNKPH
|9 70493
|
| 655 |
|
7 |
|a záujmové časopisy
|2 SNKPH
|9 70804
|
| 700 |
1 |
|
|a Jesenská, Katarína
|4 pbd
|9 268459
|
| 910 |
|
|
|a snk
|
| 916 |
|
|
|a 2021, 2022
|
| 999 |
|
|
|c 5083
|d 7013
|
| 952 |
|
|
|0 0
|1 0
|4 0
|7 0
|8 3
|a SNK
|b SNK
|d 2025-04-28
|i snk2025/7045
|l 1
|o snkČSB 7781/3/2023/1 D1
|p 17A1555951
|r 2026-03-02 11:05:56
|s 2026-02-28
|t č. 1-6
|w 2026-02-21
|y PREZ
|
| 952 |
|
|
|0 0
|1 0
|4 0
|7 0
|8 3
|a SNK
|b SNK
|d 2025-04-28
|i snk2025/7051
|l 1
|o snkČSB 7781/3/2023/2 D1
|p 17A1555952
|r 2026-03-02 11:06:05
|s 2026-02-28
|t č. 7-12
|w 2026-02-21
|y PREZ
|
| 952 |
|
|
|0 0
|1 0
|4 0
|7 0
|8 0
|a SNK
|b SNK
|d 2023-05-30
|i snk2023/8609
|l 0
|o snkČSB 7781/1/2021/1 D1
|p 17A1520410
|r 2026-02-21 19:50:26
|t č. 1-5, neúplné
|w 2026-02-21
|y PREZ
|z Chýba č. 3
|
| 952 |
|
|
|0 0
|1 0
|4 0
|7 0
|8 3
|a SNK
|b SNK
|d 2023-05-30
|i snk2023/8610
|l 0
|o snkČSB 7781/1/2021/2 D1
|p 17A1520411
|r 2026-02-21 19:50:26
|t č. 6-10
|w 2026-02-21
|y PREZ
|
| 952 |
|
|
|0 0
|1 0
|4 0
|7 0
|8 0
|a SNK
|b SNK
|d 2023-05-30
|i snk2023/8611
|l 0
|o snkČSB 7781/2/2022/1
|p 17A1520412
|r 2026-02-21 19:50:26
|t č. 1-6
|w 2026-02-21
|y PREZ
|
| 952 |
|
|
|0 0
|1 0
|4 0
|7 0
|8 0
|a SNK
|b SNK
|d 2023-05-30
|i snk2023/8613
|l 0
|o snkČSB 7781/2/2022/2
|p 17A1520413
|r 2026-02-21 19:50:26
|t č. 7-12
|w 2026-02-21
|y PREZ
|
| 952 |
|
|
|0 0
|1 0
|4 0
|7 0
|8 3
|a SNK
|b SNK
|d 2024-08-15
|i snk2024/12921
|l 0
|o snkČSB 7781/2/2022/1 D1
|p 17A1524181
|r 2026-02-21 19:58:13
|t č. 1-6
|w 2026-02-21
|y PREZ
|
| 952 |
|
|
|0 0
|1 0
|4 0
|7 0
|8 3
|a SNK
|b SNK
|d 2024-08-15
|i snk2024/12922
|l 0
|o snkČSB 7781/2/2022/2 D1
|p 17A1524182
|r 2026-02-21 19:58:13
|t č. 7-12
|w 2026-02-21
|y PREZ
|
| 952 |
|
|
|0 0
|1 0
|4 0
|7 0
|8 0
|a SNK
|b SNK
|d 2024-08-15
|i snk2024/12934
|l 0
|o snkČSB 7781/3/2023/1
|p 17A1524183
|r 2026-02-21 19:58:14
|t č. 1-6
|w 2026-02-21
|y PREZ
|
| 952 |
|
|
|0 0
|1 0
|4 0
|7 0
|8 0
|a SNK
|b SNK
|d 2024-08-15
|i snk2024/12937
|l 0
|o snkČSB 7781/3/2023/2
|p 17A1524184
|r 2026-02-21 19:58:14
|t č. 7-12
|w 2026-02-21
|y PREZ
|
| 952 |
|
|
|0 0
|1 0
|4 0
|7 3
|8 0
|a SNK
|b SNK
|d 2025-11-24
|i snk2025/18959
|l 0
|o snkČSB 7781/4/2024/1
|p 17A1558490
|r 2026-02-21 20:09:44
|t č. 1-6
|w 2026-02-21
|y PREZ
|
| 952 |
|
|
|0 0
|1 0
|4 0
|7 3
|8 0
|a SNK
|b SNK
|d 2025-11-24
|i snk2025/18960
|l 0
|o snkČSB 7781/4/2024/2
|p 17A1558491
|r 2026-02-21 20:09:44
|t č. 7-12
|w 2026-02-21
|y PREZ
|
| 952 |
|
|
|0 0
|1 0
|4 0
|7 0
|8 0
|a SNK
|b SNK
|d 2023-01-17
|i snk2023/860
|l 0
|o snkČSB 7781/1/2021/1
|p 17A1465261
|r 2026-02-21 20:17:56
|t č. 1-5
|w 2026-02-21
|y PREZ
|
| 952 |
|
|
|0 0
|1 0
|4 0
|7 0
|8 0
|a SNK
|b SNK
|d 2023-01-17
|i snk2023/862
|l 0
|o snkČSB 7781/1/2021/2
|p 17A1465260
|r 2026-02-21 20:17:57
|t č. 6-10
|w 2026-02-21
|y PREZ
|